The construction of buildings-3 (Record no. 8792)

000 -LEADER
fixed length control field 00369nam a2200145 4500
003 - CONTROL NUMBER IDENTIFIER
control field OSt
005 - DATE AND TIME OF LATEST TRANSACTION
control field 20210108133648.0
008 - FIXED-LENGTH DATA ELEMENTS--GENERAL INFORMATION
fixed length control field 210108b ||||| |||| 00| 0 eng d
020 ## - INTERNATIONAL STANDARD BOOK NUMBER
International Standard Book Number 8176710032
082 ## - DEWEY DECIMAL CLASSIFICATION NUMBER
Edition number 4th
Classification number 690
Item number BAR
245 ## - TITLE STATEMENT
Title The construction of buildings-3
250 ## - EDITION STATEMENT
Edition statement Fourth Edition
260 ## - PUBLICATION, DISTRIBUTION, ETC. (IMPRINT)
Place of publication, distribution, etc New Delhi
Name of publisher, distributor, etc Affiliated east-west press pvt ltd
942 ## - ADDED ENTRY ELEMENTS (KOHA)
Source of classification or shelving scheme
Holdings
Withdrawn status Lost status Source of classification or shelving scheme Damaged status Koha normalized classification for sorting Not for loan Permanent location Current location Date acquired Total Checkouts Full call number Barcode Date last seen Date last borrowed Price effective from Koha item type Checked out
        690_000000000000000_BAR   BMS College of Architecture, Design and Planning BMS College of Architecture, Design and Planning 2021-01-08 2 690 BAR AR-UG2069 2025-09-25 2025-09-22 2021-01-08 UG Books  
        690_000000000000000_BAR   BMS College of Architecture, Design and Planning BMS College of Architecture, Design and Planning 2021-01-08 2 690 BAR AR-UG2070 2025-09-11 2025-09-11 2021-01-08 UG Books 2025-09-26
        690_000000000000000_BAR   BMS College of Architecture, Design and Planning BMS College of Architecture, Design and Planning 2021-01-08 2 690 BAR AR-UG2071 2025-08-19 2025-07-30 2021-01-08 UG Books  
Copyright © 2025, The Librarian, Library and Information Centre, BMSCA D&P, Bengaluru. All Rights Reserved
web counter

Powered by Koha